| 000 | 00632 a2200217 4500 | ||
|---|---|---|---|
| 502 | _aThèse d'exercice | ||
| 653 | 1 | _aSciences agronomiques | |
| 100 | _aTangni, Kossi Emmanuel | ||
| 245 | _aEvaluation des besoins énergetiques chez des étudiants de l'Université Nationale du Bénin | ||
| 300 | _aXX-139 p. | ||
| 650 | _aEVALUATION | ||
| 650 | _aBESOIN | ||
| 650 | _aENERGIE | ||
| 130 | _lFr | ||
| 710 | _aAbomey-Calavi, Université nationale du Bénin, Faculté des Sciences Agronomiques, BJ | ||
| 041 | _bFr | ||
| 041 | _bEn | ||
| 653 | 1 | _aNutrition et sciences agro-alimentaires | |
| 651 | _aBENIN | ||
| 999 |
_c30135 _d30135 |
||